000 00786nam a2200205Ia 4500
005 20260121110030.0
008 008 260114s9999 xx 000 0 hin d
020 _a9788132349587
037 _aEBOOK
040 _aCRL
_bhin
_cCRL
041 _ahin
_2hin
084 _qCRL
100 _aसंजय राम / Sanjay Ram
_9941213
245 0 _aऐन्थोलोजी: पुष्प संरचना, पुष्पी पादप अनुकूलन एवं परिवर्धन / Anthology: Phool Sanrachna, Phooli Paadap Anukoolan aur Parivardhan
260 _bभाषा प्रकाशन / Bhasha Prakashan
_c2020
856 _uhttps://bhashaprakashan.com/product-details/378210
942 _cEBOOK
999 _c1532878
_d1532878